Documento firmado por Don Antonio Leza y Guzmán (Record no. 4704)

MARC details
000 -CABECERA
campo de control de longitud fija 01564nam a2200301 a 4500
001 - NÚMERO DE CONTROL
campo de control BRCA_5010
005 - FECHA Y HORA DE LA ÚLTIMA TRANSACCIÓN
campo de control 20190320204912.0
008 - DATOS DE LONGITUD FIJA--INFORMACIÓN GENERAL
campo de control de longitud fija 291010s1749----mx-######v---#000-0#spa-#
041 ## - CÓDIGO DE LENGUA
Código de lengua del texto/banda sonora o título independiente spa
044 ## - CÓDIGO DEL PAÍS DE LA ENTIDAD EDITORA/PRODUCTORA
Código MARC del país mx
084 ## - OTRO NÚMERO DE CLASIFICACIÓN
Número de clasificación DOC76
Número de documento/Ítem .L49
-- 1748
100 1# - ENTRADA PRINCIPAL--NOMBRE DE PERSONA
Nombre de persona Leza y Guzmán, Antonio de
9 (RLIN) 12780
245 10 - MENCIÓN DE TÍTULO
Título Documento firmado por Don Antonio Leza y Guzmán
Mención de responsabilidad, etc. Antonio Leza y Guzmán.
260 ## - PUBLICACIÓN, DISTRIBUCIÓN, ETC.
Lugar de publicación, distribución, etc. México
Fecha de publicación, distribución, etc. 1748
300 ## - DESCRIPCIÓN FÍSICA
Extensión [87] fojas
Dimensiones 31 x 22 cm.
500 ## - NOTA GENERAL
Nota general Cuenta y Relación jurada que da Don Antonio de Leza y Guzmán, Tesorero Mayor de las Rentas y Propios de la Nueva España a los señores del Cabildo, Justicia y Regimiento de ella, procedido a dichas rentas y su distribución de un año corrido desde el primero de enero de 1748 hasta finales de diciembre del mismo.
500 ## - NOTA GENERAL
Nota general Contiene sellos con el escudo de la casa de Borbón y el lema: ´SELLO QUARTO. UN QUARTILLO. AÑOS DE MIL SETECIENTOS YH QUARENTA Y SIETE Y QUARENTA Y OCHO´.
500 ## - NOTA GENERAL
Nota general El documento contiene la leyenda DOC.# 236.
500 ## - NOTA GENERAL
Nota general Papel con marca de agua.
500 ## - NOTA GENERAL
Nota general Estado de conservación: contiene márgenes deteriorados y manchas de acidez en gran parte del documento.
506 0# - NOTA DE RESTRICCIONES AL ACCESO
Limitaciones de acceso Fondo Reservado. Para su consulta es necesario credencial de usuario y carta de motivos.
546 ## - NOTA DE LENGUA/LENGUAJE
Nota de lengua/lenguaje Texto en: español de mediados del siglo XVIII
600 14 - PUNTO DE ACCESO ADICIONAL DE MATERIA--NOMBRE DE PERSONA
Nombre de persona Leza y Guzmán, Antonio de
Subdivisión general Historia
9 (RLIN) 12781
650 14 - PUNTO DE ACCESO ADICIONAL DE MATERIA--TÉRMINO DE MATERIA
Término de materia o nombre geográfico como elemento de entrada Administración financiera
Subdivisión geográfica México
9 (RLIN) 12782
651 #4 - PUNTO DE ACCESO ADICIONAL DE MATERIA--NOMBRE GEOGRÁFICO
Nombre geográfico México
Subdivisión general Historia
Subdivisión cronológica Colonia, 1521-1821
9 (RLIN) 12461
902 ## - CATALOGADOR
Iniciales FDH
942 ## - ELEMENTOS DE PUNTO DE ACCESO ADICIONAL (KOHA)
Fuente del sistema de clasificación o colocación Library of Congress Classification
Tipo de ítem Koha Documentos
Holdings
Estado de retiro Estado de pérdida Estado dañado No para préstamo Localización permanente Ubicación/localización actual Fecha de adquisición Total de préstamos Signatura topográfica completa Código de barras Fecha visto por última vez Precio válido a partir de Tipo de ítem Koha
El ejemplar forma parte de la colección y puede ser consultado según las políticas vigentes.       Biblioteca del Museo Franz Mayer (Rogerio Casas-Alatriste) Biblioteca del Museo Franz Mayer (Rogerio Casas-Alatriste) 29/10/2010   DOC76 .L49 1748 5098 22/03/2019 22/03/2019 Documentos